| 000 -LEADER |
| fixed length control field |
00382cam a22001097a 4500 |
| 008 - FIXED-LENGTH DATA ELEMENTS--GENERAL INFORMATION |
| fixed length control field |
180718b1969 xxu||||| |||| 00| 0 eng d |
| 082 ## - DEWEY DECIMAL CLASSIFICATION NUMBER |
| Classification number |
R706x71 C16/ST/7 |
| 100 ## - MAIN ENTRY--PERSONAL NAME |
| Personal name |
Malles, Paul |
| 245 ## - TITLE STATEMENT |
| Title |
Task force on labour relations, study no.7 trends in industrial relations systems of continental Europe |
| Statement of responsibility, etc. |
by Paul Malles |
| 260 ## - PUBLICATION, DISTRIBUTION, ETC. |
| Place of publication, distribution, etc. |
Ottawa |
| Name of publisher, distributor, etc. |
Privy Council Office |
| Date of publication, distribution, etc. |
1969 |
| 300 ## - PHYSICAL DESCRIPTION |
| Extent |
x, 213p |